[Event "Monarch Assurance Isle of Man 14th"]
[Site "Port Erin IOM"]
[Date "2005.09.29"]
[Round "6.5"]
[White "Brodsky, Michail"]
[Black "Tiviakov, Sergei"]
[Result "1/2-1/2"]
[WhiteElo "2554"]
[BlackElo "2678"]
[PlyCount "36"]
[EventDate "2005.09.24"]
[EventType "swiss"]
[EventRounds "9"]
[EventCountry "IOM"]

1. Nf3 Nf6 2. c4 b6 3. g3 Bb7 4. Bg2 e6 5. O-O Be7 6. d4 c6 7. Nc3 d5 8. Ne5
O-O 9. e4 dxc4 10. Nxc4 Ba6 11. b3 b5 12. Ne5 b4 13. Ne2 Bxe2 14. Qxe2 Qxd4 15.
Bb2 Qb6 16. Nc4 Qb5 17. Bxf6 Bxf6 18. e5 Be7 1/2-1/2

[Event "Monarch Assurance Isle of Man 14th"]
[Site "Port Erin IOM"]
[Date "2005.09.29"]
[Round "6.6"]
[White "Howell, David W"]
[Black "Epishin, Vladimir"]
[Result "1/2-1/2"]
[WhiteElo "2471"]
[BlackElo "2600"]
[PlyCount "50"]
[EventDate "2005.09.24"]
[EventType "swiss"]
[EventRounds "9"]
[EventCountry "IOM"]

1. e4 c5 2. c3 Nf6 3. e5 Nd5 4. Nf3 Nc6 5. d4 cxd4 6. cxd4 d6 7. Bc4 e6 8. O-O
Be7 9. Qe2 O-O 10. Nc3 Nxc3 11. bxc3 dxe5 12. dxe5 Qc7 13. Qe4 Rd8 14. Re1 Rd7
15. Ng5 Bxg5 16. Bxg5 Nxe5 17. Bxe6 fxe6 18. Bf4 Qc4 19. Qxe5 Rd5 20. Qe3 Rd3
21. Qe2 Rxc3 22. Rad1 Qxe2 23. Rxe2 Rc4 24. Bg3 Bd7 25. h3 Bc6 1/2-1/2

[Event "Monarch Assurance Isle of Man 14th"]
[Site "Port Erin IOM"]
[Date "2005.09.29"]
[Round "6.7"]
[White "Galkin, Alexander"]
[Black "Bobras, Piotr"]
[Result "1-0"]
[WhiteElo "2598"]
[BlackElo "2525"]
[PlyCount "83"]
[EventDate "2005.09.24"]
[EventType "swiss"]
[EventRounds "9"]
[EventCountry "IOM"]

1. e4 c5 2. Nf3 Nc6 3. d4 cxd4 4. Nxd4 Nf6 5. Nc3 e5 6. Ndb5 d6 7. Bg5 a6 8.
Na3 b5 9. Bxf6 gxf6 10. Nd5 f5 11. Bd3 Be6 12. O-O Bxd5 13. exd5 Ne7 14. c3 Bg7
15. Qh5 e4 16. Bc2 Qc8 17. Rae1 O-O 18. f3 b4 19. cxb4 Bxb2 20. fxe4 Bxa3 21.
Re3 Qxc2 22. Rg3+ Ng6 23. Rh3 Rfe8 24. exf5 Nf4 25. Qg5+ Kf8 26. Qxf4 Bb2 27.
Qxd6+ Kg8 28. Qg3+ Kf8 29. f6 Re2 30. Kh1 Rc8 31. Qg7+ Ke8 32. Rxh7 Qg6 33.
Qxg6 fxg6 34. Rh8+ Kd7 35. Rxc8 Kxc8 36. f7 Bg7 37. f8=Q+ Bxf8 38. Rxf8+ Kd7
39. h3 Ke7 40. Rg8 Kf7 41. Ra8 Rxa2 42. d6 1-0

[Event "Monarch Assurance Isle of Man 14th"]
[Site "Port Erin IOM"]
[Date "2005.09.29"]
[Round "6.8"]
[White "Sulskis, Sarunas"]
[Black "Erenburg, Sergey"]
[Result "0-1"]
[WhiteElo "2535"]
[BlackElo "2595"]
[PlyCount "106"]
[EventDate "2005.09.24"]
[EventType "swiss"]
[EventRounds "9"]
[EventCountry "IOM"]

1. e4 e5 2. Nf3 Nf6 3. Nxe5 d6 4. Nxf7 Kxf7 5. d4 c5 6. Nc3 cxd4 7. Bc4+ Be6 8.
Bxe6+ Kxe6 9. Qxd4 Kf7 10. Bf4 Qc8 11. Bxd6 Bxd6 12. Qxd6 Rd8 13. Qg3 Nc6 14.
O-O Nd4 15. e5 Nd5 16. Rae1 Nxc3 17. bxc3 Nf5 18. Qf4 Kg8 19. e6 Rf8 20. Qb4
Re8 21. Re5 Ne7 22. Qb3 Qc7 23. Rfe1 Rf8 24. h3 Rad8 25. R5e2 Rf5 26. c4 Rf4
27. Qe3 b6 28. Rd2 Rxd2 29. Qxd2 Rxc4 30. Qd7 h6 31. Re2 Qc5 32. Qxa7 Qd6 33.
Qa8+ Kh7 34. Qf3 Rd4 35. Re1 Qd5 36. Qf7 Qd6 37. g3 Rd5 38. Qf3 Rf5 39. Qe4 Qd5
40. Qe3 b5 41. f4 Qxa2 42. g4 Rd5 43. Re2 Qc4 44. f5 Rd1+ 45. Kh2 Nd5 46. Qe5
Qc6 47. Kg3 Rg1+ 48. Kh2 Rf1 49. Kg3 Nf6 50. Kh4 Rf3 51. Rd2 Qc4 52. e7 Qf1 53.
Rh2 Qc1 0-1

[Event "Monarch Assurance Isle of Man 14th"]
[Site "Port Erin IOM"]
[Date "2005.09.29"]
[Round "6.9"]
[White "David, Alberto"]
[Black "Adly, Ahmed"]
[Result "1/2-1/2"]
[WhiteElo "2579"]
[BlackElo "2503"]
[PlyCount "29"]
[EventDate "2005.09.24"]
[EventType "swiss"]
[EventRounds "9"]
[EventCountry "IOM"]

1. d4 d5 2. c4 e6 3. Nc3 Nf6 4. cxd5 exd5 5. Bg5 c6 6. e3 Nbd7 7. Bd3 Be7 8.
Qc2 O-O 9. Nge2 Re8 10. O-O Nf8 11. f3 Ng6 12. Rad1 Be6 13. Kh1 Rc8 14. Ng3 Nh5
15. Bxe7 1/2-1/2

[Event "Monarch Assurance Isle of Man 14th"]
[Site "Port Erin IOM"]
[Date "2005.09.29"]
[Round "6.10"]
[White "Neelotpal, Das"]
[Black "Kritz, Leonid"]
[Result "0-1"]
[WhiteElo "2467"]
[BlackElo "2544"]
[PlyCount "78"]
[EventDate "2005.09.24"]
[EventType "swiss"]
[EventRounds "9"]
[EventCountry "IOM"]

1. e4 c5 2. Nf3 Nc6 3. Bb5 e6 4. O-O Nge7 5. c3 a6 6. Be2 d5 7. exd5 exd5 8. d4
c4 9. Re1 g6 10. Ne5 Nxe5 11. dxe5 Bg7 12. Nd2 O-O 13. Nf3 Nc6 14. Bg5 Qa5 15.
Qd2 Nxe5 16. Nxe5 Bxe5 17. Bf3 d4 18. Rxe5 Qxe5 19. Re1 Qb5 20. h4 d3 21. Re7
Be6 22. Bf6 Qf5 23. Bd4 Rad8 24. Qe3 Rxd4 25. Qxd4 b5 26. Ra7 Bc8 27. Bd5 h5
28. g3 Be6 29. Bxe6 Qxe6 30. Rd7 Re8 31. Kh2 Qe5 32. b3 Qxd4 33. Rxd4 Re1 34.
bxc4 bxc4 35. Kg2 Rc1 36. Kf3 Rxc3 37. a4 Rc2 38. Ke3 Kf8 39. Rd6 Ke7 0-1

[Event "Monarch Assurance Isle of Man 14th"]
[Site "Port Erin IOM"]
[Date "2005.09.29"]
[Round "6.11"]
[White "Ghaem Maghami, Ehsan"]
[Black "Dworakowska, Joanna"]
[Result "1-0"]
[WhiteElo "2603"]
[BlackElo "2401"]
[PlyCount "73"]
[EventDate "2005.09.24"]
[EventType "swiss"]
[EventRounds "9"]
[EventCountry "IOM"]

1. d4 Nf6 2. c4 g6 3. Nc3 Bg7 4. Nf3 O-O 5. e4 d6 6. Be2 e5 7. O-O Nc6 8. Be3
Ng4 9. Bg5 f6 10. Bh4 Qd7 11. d5 Ne7 12. Ne1 h5 13. h3 Nh6 14. Bg3 f5 15. c5 f4
16. Bh4 Nf7 17. cxd6 cxd6 18. Nf3 Bh6 19. Bf6 g5 20. Nh2 g4 21. hxg4 h4 22. Rc1
Bg5 23. Bxg5 Nxg5 24. Nf3 Qxg4 25. Nxe5 Nh3+ 26. Kh1 Qg7 27. gxh3 Qxe5 28. Rg1+
Kh7 29. Bg4 f3 30. Nb5 Bxg4 31. Rxg4 Rf4 32. Qg1 Raf8 33. Rc7 R8f7 34. Rxf4
Qxf4 35. Qg4 Qd2 36. Qxh4+ Kg7 37. Rxe7 1-0

[Event "Monarch Assurance Isle of Man 14th"]
[Site "Port Erin IOM"]
[Date "2005.09.29"]
[Round "6.13"]
[White "Yakovich, Yuri"]
[Black "Zatonskih, Anna"]
[Result "0-1"]
[WhiteElo "2560"]
[BlackElo "2435"]
[PlyCount "64"]
[EventDate "2005.09.24"]
[EventType "swiss"]
[EventRounds "9"]
[EventCountry "IOM"]

1. c4 e5 2. Nc3 Nc6 3. Nf3 Nf6 4. g3 Nd4 5. Bg2 Nxf3+ 6. Bxf3 Bb4 7. Qb3 Bc5 8.
d3 h6 9. O-O O-O 10. Bd2 c6 11. Bg2 Re8 12. Rad1 b6 13. Qa4 Bb7 14. b4 Bf8 15.
b5 Qc8 16. Qb3 Qc7 17. a4 Rad8 18. Rb1 Ba8 19. Rfe1 Bc5 20. a5 bxa5 21. Na4 Bb4
22. Bxb4 axb4 23. Qxb4 cxb5 24. Qxb5 Bxg2 25. Kxg2 Rb8 26. Qc5 Qxc5 27. Nxc5 d5
28. Rxb8 Rxb8 29. cxd5 Nxd5 30. Ra1 Nc3 31. Kf3 Rb5 32. Na4 Ra5 0-1

[Event "Monarch Assurance Isle of Man 14th"]
[Site "Port Erin IOM"]
[Date "2005.09.29"]
[Round "6.14"]
[White "Gladyszev, Oleg"]
[Black "Malakhatko, Vadim"]
[Result "1/2-1/2"]
[WhiteElo "2436"]
[BlackElo "2556"]
[PlyCount "67"]
[EventDate "2005.09.24"]
[EventType "swiss"]
[EventRounds "9"]
[EventCountry "IOM"]

1. d4 d5 2. c4 e6 3. Nc3 Be7 4. cxd5 exd5 5. Bf4 c6 6. Qc2 g6 7. e3 Bf5 8. Bd3
Bxd3 9. Qxd3 Nf6 10. Nf3 Na6 11. O-O O-O 12. Ne5 Nc7 13. Bh6 Re8 14. f4 Nd7 15.
Nxd7 Qxd7 16. f5 Bf8 17. Bxf8 Rxf8 18. e4 Rae8 19. e5 f6 20. fxg6 fxe5 21. dxe5
Qg7 22. gxh7+ Kh8 23. Rxf8+ Rxf8 24. Rf1 Rxf1+ 25. Kxf1 Qxe5 26. Qg6 Qg7 27.
Qf5 Ne8 28. Ne2 Nd6 29. Qe6 Qf8+ 30. Ke1 Kxh7 31. Qd7+ Kh8 32. Qh3+ Kg8 33.
Qg3+ Kh7 34. Qh3+ 1/2-1/2

[Event "Monarch Assurance Isle of Man 14th"]
[Site "Port Erin IOM"]
[Date "2005.09.29"]
[Round "6.15"]
[White "Kuzubov, Yuriy"]
[Black "Roeder, Mathias"]
[Result "1-0"]
[WhiteElo "2535"]
[BlackElo "2393"]
[PlyCount "79"]
[EventDate "2005.09.24"]
[EventType "swiss"]
[EventRounds "9"]
[EventCountry "IOM"]

1. d4 Nf6 2. Nf3 g6 3. c4 Bg7 4. Nc3 O-O 5. e4 d6 6. Be2 e5 7. Be3 Ng4 8. Bg5
f6 9. Bh4 g5 10. Bg3 Nh6 11. d5 Na6 12. Nd2 f5 13. exf5 Bxf5 14. Nde4 Nc5 15.
Bd3 Nxd3+ 16. Qxd3 g4 17. O-O Bg6 18. Qe2 Bh5 19. c5 a6 20. h3 Qd7 21. Qd1 Rf5
22. hxg4 Nxg4 23. Qb3 Rb8 24. cxd6 cxd6 25. Qb6 Bf8 26. Bh4 Bg6 27. f3 Nh6 28.
Nf6+ Rxf6 29. Bxf6 Nf5 30. Ne4 Nd4 31. Rae1 Qf7 32. Bg5 Bxe4 33. fxe4 Qh5 34.
Bd8 Ne2+ 35. Rxe2 Qxe2 36. Rxf8+ Kxf8 37. Qxd6+ Kf7 38. Qe6+ Kf8 39. Be7+ Kg7
40. Bf6+ 1-0

[Event "Monarch Assurance Isle of Man 14th"]
[Site "Port Erin IOM"]
[Date "2005.09.29"]
[Round "6.16"]
[White "Ulibin, Mikhail"]
[Black "Cox, John"]
[Result "0-1"]
[WhiteElo "2529"]
[BlackElo "2385"]
[PlyCount "82"]
[EventDate "2005.09.24"]
[EventType "swiss"]
[EventRounds "9"]
[EventCountry "IOM"]

1. d4 Nf6 2. c4 e6 3. g3 c5 4. d5 exd5 5. cxd5 d6 6. Nc3 g6 7. Bg2 Bg7 8. Nf3
O-O 9. O-O a6 10. a4 Re8 11. Bf4 Ne4 12. Nxe4 Rxe4 13. Nd2 Rb4 14. Ra2 Qe7 15.
b3 Be5 16. Bxe5 Qxe5 17. Nc4 Qe7 18. e4 Nd7 19. f4 Nb6 20. Ne3 a5 21. f5 Bxf5
22. Raf2 Rf8 23. Rxf5 gxf5 24. Nxf5 Qf6 25. Qh5 Kh8 26. Nh6 Qg6 27. Qxg6 hxg6
28. Nxf7+ Kg7 29. Nxd6 Rxf1+ 30. Bxf1 Nd7 31. Bc4 Kf6 32. Kf2 Ne5 33. Ke3 Ke7
34. Nb5 Nxc4+ 35. bxc4 Rxc4 36. e5 Rxa4 37. d6+ Kd7 38. h4 Rb4 39. Nc3 a4 40.
Nd5 Rd4 41. Nf6+ Ke6 0-1

[Event "Monarch Assurance Isle of Man 14th"]
[Site "Port Erin IOM"]
[Date "2005.09.29"]
[Round "6.18"]
[White "Lalic, Bogdan"]
[Black "Gupta, Abhijeet"]
[Result "1-0"]
[WhiteElo "2491"]
[BlackElo "2380"]
[PlyCount "59"]
[EventDate "2005.09.24"]
[EventType "swiss"]
[EventRounds "9"]
[EventCountry "IOM"]

1. d4 d5 2. c4 c6 3. Nf3 Nf6 4. Nc3 a6 5. e3 b5 6. c5 g6 7. b4 Bg4 8. a4 Nbd7
9. Qb3 Bxf3 10. gxf3 Bg7 11. f4 O-O 12. Bg2 e6 13. O-O Qc7 14. Bd2 Rfb8 15. Ra2
Qb7 16. Rfa1 Ne8 17. Qc2 Nc7 {(=)} 18. Ne2 Nf6 19. Nc1 Qc8 20. Be1 Kf8 21. Nd3
Nfe8 22. f3 f5 23. Bh4 Qb7 24. Bf1 Nf6 25. Ne5 Nce8 26. Ra3 Ng8 27. axb5 Bxe5
28. bxc6 Qxb4 29. fxe5 Nc7 30. Be1 1-0

[Event "Monarch Assurance Isle of Man 14th"]
[Site "Port Erin IOM"]
[Date "2005.09.29"]
[Round "6.19"]
[White "Zude, Erik"]
[Black "Sundararajan, Kidambi"]
[Result "1/2-1/2"]
[WhiteElo "2424"]
[BlackElo "2484"]
[PlyCount "42"]
[EventDate "2005.09.24"]
[EventType "swiss"]
[EventRounds "9"]
[EventCountry "IOM"]

1. Nf3 Nf6 2. c4 e6 3. g3 d5 4. b3 c5 5. Bg2 Nc6 6. O-O Be7 7. e3 O-O 8. Bb2 b6
9. Nc3 Bb7 10. Qe2 Re8 11. Rad1 d4 12. exd4 cxd4 13. Nb5 d3 14. Qe3 a6 15. Nbd4
Bc5 16. Nxc6 Bxc6 17. Qf4 Rc8 18. Rfe1 b5 19. b4 Be7 20. c5 Nd5 21. Qg4 Nf6
1/2-1/2

[Event "Monarch Assurance Isle of Man 14th"]
[Site "Port Erin IOM"]
[Date "2005.09.29"]
[Round "6.20"]
[White "Neubauer, Martin"]
[Black "Negi, Parimarjan"]
[Result "1/2-1/2"]
[WhiteElo "2468"]
[BlackElo "2376"]
[PlyCount "96"]
[EventDate "2005.09.24"]
[EventType "swiss"]
[EventRounds "9"]
[EventCountry "IOM"]

1. e4 c5 2. Nf3 d6 3. d4 cxd4 4. Nxd4 Nf6 5. Nc3 a6 6. Bg5 e6 7. f4 Nbd7 8. Qf3
Qc7 9. O-O-O b5 10. e5 Bb7 11. Qh3 dxe5 12. Nxe6 fxe6 13. Qxe6+ Be7 14. Bxf6
gxf6 15. Be2 h5 16. Nd5 Bxd5 17. Rxd5 Nc5 18. Qf5 Qc8 19. Qg6+ Kf8 20. fxe5 Qe6
21. Rf1 Qf7 22. Qxf7+ Kxf7 23. exf6 Bf8 24. Bxh5+ Ke6 25. Rff5 Nd7 26. f7 Bg7
27. g4 Rad8 28. a4 Ne5 29. Rxd8 Rxd8 30. axb5 axb5 31. Kb1 Bh6 32. h4 Nc4 33.
c3 Ne5 34. Rf1 Bf8 35. g5 Ke7 36. Kc2 Bg7 37. Be2 b4 38. cxb4 Nxf7 39. Rf4 Rd4
40. Rxd4 Bxd4 41. g6 Nd6 42. h5 Kf6 43. b3 Nc8 44. Kd3 Bg1 45. Bg4 Nb6 46. Ke4
Kg7 47. Be6 Bf2 48. Kf5 Be3 1/2-1/2

[Event "Monarch Assurance Isle of Man 14th"]
[Site "Port Erin IOM"]
[Date "2005.09.29"]
[Round "6.21"]
[White "Kolbus, Dietmar"]
[Black "Kunin, Vitaly"]
[Result "1-0"]
[WhiteElo "2416"]
[BlackElo "2448"]
[PlyCount "143"]
[EventDate "2005.09.24"]
[EventType "swiss"]
[EventRounds "9"]
[EventCountry "IOM"]

1. c4 e5 2. g3 d5 3. cxd5 Qxd5 4. Nf3 Bb4 5. Nc3 Bxc3 6. bxc3 e4 7. Nd4 Nc6 8.
Bg2 Nf6 9. Nxc6 Qxc6 10. Ba3 Be6 11. O-O O-O-O 12. Be7 Rd7 13. Bxf6 gxf6 14.
Qc2 Bd5 15. Bh3 Be6 16. Bg2 Bf5 17. d3 Re8 18. Qd2 Kb8 19. d4 Qe6 20. Rab1 Rd6
21. Rb3 Rb6 22. d5 Qd6 23. c4 Qc5 24. Qc2 Bg6 25. e3 f5 26. Rfb1 f4 27. gxf4
Rg8 28. Kf1 f5 29. Rb5 Rxb5 30. Rxb5 Qa3 31. Rb3 Qa6 32. f3 Be8 33. fxe4 Ba4
34. exf5 Bxb3 35. axb3 Qa1+ 36. Kf2 Qg7 37. Kf1 Qa1+ 38. Kf2 Qg7 39. Kf1 h5 40.
h3 Qa1+ 41. Kf2 Qg7 42. Kf1 h4 43. b4 Re8 44. Qd2 Qf6 45. e4 Rg8 46. c5 a5 47.
bxa5 Qa1+ 48. Kf2 Qa3 49. f6 Qxc5+ 50. Kf1 Rg3 51. e5 Qc4+ 52. Kg1 Rd3 53. Qf2
Qc1+ 54. Kh2 Rd2 55. Qxh4 Qf1 56. Qg3 Rxg2+ 57. Qxg2 Qxf4+ 58. Qg3 Qd2+ 59. Kg1
Qd1+ 60. Kf2 Qd2+ 61. Kf3 Qxd5+ 62. Kf4 c5 63. Qe3 Qc4+ 64. Kf5 Qf1+ 65. Kg6
Qg2+ 66. Kf7 Qd5+ 67. e6 c4 68. Kg7 Qg2+ 69. Kf8 Qf1 70. f7 Qf6 71. Ke8 Qg6 72.
Qf4+ 1-0

[Event "Monarch Assurance Isle of Man 14th"]
[Site "Port Erin IOM"]
[Date "2005.09.29"]
[Round "6.23"]
[White "Kirschbaum, Gunnar"]
[Black "Kogan, Artur"]
[Result "0-1"]
[WhiteElo "2204"]
[BlackElo "2580"]
[PlyCount "78"]
[EventDate "2005.09.24"]
[EventType "swiss"]
[EventRounds "9"]
[EventCountry "IOM"]

1. d4 Nf6 2. c4 c5 3. d5 e5 4. g3 d6 5. Bg2 Be7 6. e4 h5 7. h4 Na6 8. Nc3 Nc7
9. Bh3 Nd7 10. Nf3 Rb8 11. Qe2 g6 12. Nd2 Kf8 13. Nf1 Kg7 14. Ne3 Qe8 15. b3 a6
16. a4 Bd8 17. Bd2 b6 18. Kd1 b5 19. axb5 axb5 20. cxb5 Nb6 21. Bxc8 Nxc8 22.
Kc2 Qd7 23. Ra5 f5 24. exf5 gxf5 25. Nc4 Qf7 26. Rd1 Qg6 27. Be1 Re8 28. f3 Kg8
29. Kc1 e4 30. fxe4 fxe4 31. Bd2 Bf6 32. b6 e3 33. bxc7 exd2+ 34. Nxd2 Rb7 35.
Nce4 Bc3 36. Ra4 Rxc7 37. Qc4 Bd4 38. Rf1 Rce7 39. Nc3 Nb6 0-1

[Event "Monarch Assurance Isle of Man 14th"]
[Site "Port Erin IOM"]
[Date "2005.09.29"]
[Round "6.24"]
[White "Klenburg, Mikhail"]
[Black "Zozulia, Anna"]
[Result "1-0"]
[WhiteElo "2400"]
[BlackElo "2314"]
[PlyCount "61"]
[EventDate "2005.09.24"]
[EventType "swiss"]
[EventRounds "9"]
[EventCountry "IOM"]

1. g3 g6 2. Bg2 Bg7 3. e4 d6 4. d3 Nf6 5. f4 O-O 6. Nf3 c6 7. O-O Qb6+ 8. Kh1
Ng4 9. d4 c5 10. h3 Nf6 11. dxc5 Qxc5 12. Nc3 Nc6 13. Qe1 Be6 14. a3 Rfc8 15.
Be3 Qa5 16. g4 h5 17. g5 Nd7 18. Bd2 Qd8 19. Rd1 Nb6 20. b3 a5 21. Be3 a4 22.
Nd5 Bxd5 23. exd5 Na5 24. f5 gxf5 25. Nh4 axb3 26. cxb3 Nd7 27. Nxf5 Nxb3 28.
Qh4 Ne5 29. Qxh5 Kf8 30. Be4 Ra4 31. Nd4 1-0

[Event "Monarch Assurance Isle of Man 14th"]
[Site "Port Erin IOM"]
[Date "2005.09.29"]
[Round "6.25"]
[White "Palliser, Richard"]
[Black "Allen, Keith"]
[Result "1/2-1/2"]
[WhiteElo "2389"]
[BlackElo "2210"]
[PlyCount "83"]
[EventDate "2005.09.24"]
[EventType "swiss"]
[EventRounds "9"]
[EventCountry "IOM"]

1. d4 d5 2. c4 c6 3. Nf3 Nf6 4. Nc3 e6 5. e3 Nbd7 6. Bd3 dxc4 7. Bxc4 b5 8. Bd3
Bb7 9. O-O b4 10. Ne4 Be7 11. Nxf6+ Nxf6 12. e4 O-O 13. e5 Nd7 14. Qc2 h6 15.
Bh7+ Kh8 16. Be4 Rb8 17. Be3 c5 18. Bxb7 cxd4 19. Nxd4 Rxb7 20. Rfd1 Qc7 21.
Qxc7 Rxc7 22. Nb5 Rb7 23. Nd6 Bxd6 24. exd6 Nf6 25. Rac1 Nd5 26. Rc6 Rd7 27.
Bc5 Rb8 28. Rc1 Kg8 29. Rc4 f6 30. f4 g6 31. Kf2 Kf7 32. a3 bxa3 33. Bxa3 e5
34. fxe5 fxe5 35. Rc8 Rxc8 36. Rxc8 Nb6 37. Rh8 h5 38. Kf3 Nc4 39. Ke4 Nxa3 40.
bxa3 Rxd6 41. Rh7+ Kf6 42. Rxa7 1/2-1/2

[Event "Monarch Assurance Isle of Man 14th"]
[Site "Port Erin IOM"]
[Date "2005.09.29"]
[Round "6.26"]
[White "Mannion, Stephen"]
[Black "Sareen, Vishal"]
[Result "0-1"]
[WhiteElo "2331"]
[BlackElo "2385"]
[PlyCount "132"]
[EventDate "2005.09.24"]
[EventType "swiss"]
[EventRounds "9"]
[EventCountry "IOM"]

1. e4 c5 2. Nf3 d6 3. d4 cxd4 4. Nxd4 Nf6 5. Nc3 Nc6 6. Bg5 e6 7. Qd2 a6 8.
O-O-O Bd7 9. f3 Be7 10. h4 h6 11. Be3 h5 12. Bg5 Rc8 13. Nxc6 Bxc6 14. Bd3 b5
15. Rhe1 Qb6 16. Kb1 b4 17. Ne2 a5 18. Be3 Qb7 19. Nd4 Bd7 20. Qe2 Ra8 21. Bb5
O-O 22. Bg5 Rfb8 23. Bxd7 Qxd7 24. Rd3 Rb6 25. Red1 g6 26. Qf2 Rab8 27. Qg3 a4
28. Ne2 Qc7 29. Qf4 Kg7 30. Qe3 Ne8 31. Bxe7 Qxe7 32. g3 e5 33. Qd2 Rd8 34. c4
Rc8 35. Rc1 Rcc6 36. Rd5 Nc7 37. Ra5 a3 38. b3 Ne6 39. Rd5 Nc5 40. Rd1 Qf6 41.
Qe3 Ne6 42. Rb5 Nc5 43. Rxb6 Rxb6 44. Nc1 Rc6 45. Nd3 Nxd3 46. Rxd3 Qe6 47. Rd2
Qh3 48. Qg1 Qe6 49. Rd5 Qf6 50. Qe3 Rc5 51. Rd3 Qe6 52. Kc2 Rc6 53. Rd5 Qh3 54.
Qg1 Qc8 55. Qf1 Qc7 56. Qf2 Rc5 57. Qd2 Rxd5 58. Qxd5 Qb6 59. c5 Qxc5+ 60. Qxc5
dxc5 61. Kd3 f5 62. Kc4 g5 63. exf5 g4 64. fxg4 e4 65. gxh5 e3 66. Kd3 c4+ 0-1

[Event "Monarch Assurance Isle of Man 14th"]
[Site "Port Erin IOM"]
[Date "2005.09.29"]
[Round "6.27"]
[White "Zimmerman, Yuri"]
[Black "Adams, Phil"]
[Result "1-0"]
[WhiteElo "2375"]
[BlackElo "2138"]
[PlyCount "63"]
[EventDate "2005.09.24"]
[EventType "swiss"]
[EventRounds "9"]
[EventCountry "IOM"]

1. d4 Nf6 2. c4 g6 3. Nc3 Bg7 4. e4 d6 5. f4 O-O 6. Nf3 c5 7. dxc5 Qa5 8. Bd3
Qxc5 9. Qe2 Nc6 10. Be3 Qa5 11. O-O Bg4 12. Rac1 Nd7 13. Qf2 Nc5 14. Bb1 Bxf3
15. gxf3 Na4 16. Nd1 Nc5 17. Kh1 Rac8 18. Rg1 e6 19. Rg5 f6 20. Rg1 f5 21. exf5
gxf5 22. Nc3 Kh8 23. Nb5 Rcd8 24. Nxd6 Rxd6 25. Bxc5 Bd4 26. Bxd4+ Rxd4 27. Qg3
Qc7 28. Rce1 Rxc4 29. Rxe6 Nd4 30. Ree1 Rc6 31. Qf2 Rd8 32. Qxd4+ 1-0

[Event "Monarch Assurance Isle of Man 14th"]
[Site "Port Erin IOM"]
[Date "2005.09.29"]
[Round "6.28"]
[White "Groffen, Hans"]
[Black "Mirzoeva, Elmira"]
[Result "0-1"]
[WhiteElo "2210"]
[BlackElo "2223"]
[PlyCount "116"]
[EventDate "2005.09.24"]
[EventType "swiss"]
[EventRounds "9"]
[EventCountry "IOM"]

1. d4 Nf6 2. c4 e6 3. Nc3 Bb4 4. f3 O-O 5. a3 Bxc3+ 6. bxc3 b6 7. e4 d6 8. Bg5
Nbd7 9. Nh3 e5 10. Nf2 h6 11. Be3 Re8 12. d5 c6 13. Nd3 Bb7 14. g4 cxd5 15.
cxd5 Bxd5 16. g5 hxg5 17. Bxg5 Qc7 18. Rc1 Nxe4 19. fxe4 Bxe4 20. Rg1 Bxd3 21.
Qxd3 e4 22. Qg3 g6 23. Bb5 Re5 24. Bxd7 Qxd7 25. Bf6 Rh5 26. Bd4 Re8 27. Rc2 e3
28. Qg4 Qb5 29. Qe2 Qf5 30. Rg3 Rh4 31. Rb2 Rf4 32. Rxe3 Rfe4 33. Qf2 Rxe3+ 34.
Bxe3 Qd3 35. Re2 Qxc3+ 36. Kf1 Qxa3 37. Kg2 Qd3 38. Re1 d5 39. Kg1 Qe4 40. Qg3
Qd3 41. Bf2 Rxe1+ 42. Bxe1 Qe4 43. Qb8+ Kh7 44. Bg3 Qe7 45. Bc7 d4 46. Be5 Qg5+
47. Kf2 Qe3+ 48. Kg2 Qe4+ 49. Kg3 Qe3+ 50. Kg2 Qg5+ 51. Kf2 Qf5+ 52. Ke2 Qe4+
53. Kf2 f6 54. Qxa7+ Kh6 55. Bg3 Qe3+ 56. Kg2 d3 57. Qb8 Qe2+ 58. Kh3 Qf1+ 0-1

[Event "Monarch Assurance Isle of Man 14th"]
[Site "Port Erin IOM"]
[Date "2005.09.29"]
[Round "6.29"]
[White "Peek, Marcel"]
[Black "Grant, Alan"]
[Result "1/2-1/2"]
[WhiteElo "2373"]
[BlackElo "2152"]
[PlyCount "51"]
[EventDate "2005.09.24"]
[EventType "swiss"]
[EventRounds "9"]
[EventCountry "IOM"]

1. d4 Nf6 2. Nf3 e6 3. c4 Bb4+ 4. Bd2 Qe7 5. g3 Nc6 6. Nc3 Bxc3 7. Bxc3 Ne4 8.
Rc1 O-O 9. d5 Nxc3 10. Rxc3 Nb8 11. c5 d6 12. cxd6 cxd6 13. Bg2 e5 14. O-O a5
15. Nd2 b5 16. a3 Na6 17. Qb1 b4 18. Rcc1 bxa3 19. bxa3 Rb8 20. Qa2 Nc5 21. Nc4
Nb3 22. Rc3 a4 23. Nd2 Nc5 24. Ne4 Nb3 25. Nd2 Nc5 26. Ne4 1/2-1/2

[Event "Monarch Assurance Isle of Man 14th"]
[Site "Port Erin IOM"]
[Date "2005.09.29"]
[Round "6.32"]
[White "Radovanovic, Jovica"]
[Black "Spanton, Tim"]
[Result "1-0"]
[WhiteElo "2357"]
[BlackElo "2032"]
[PlyCount "75"]
[EventDate "2005.09.24"]
[EventType "swiss"]
[EventRounds "9"]
[EventCountry "IOM"]

1. d4 d5 2. c4 Nc6 3. Nc3 dxc4 4. Nf3 Nf6 5. Bg5 Bg4 6. d5 Na5 7. Ne5 Bd7 8. b4
cxb3 9. axb3 e6 10. Rxa5 Bb4 11. Qa1 h6 12. Bd2 Bxa5 13. Qxa5 b6 14. Qa3 exd5
15. e4 d4 16. Bc4 Qe7 17. Bxf7+ Kd8 18. Qxe7+ Kxe7 19. Nd5+ Kd6 20. Ng6 Nxe4
21. Bf4+ Kc6 22. Nxc7 Nf6 23. Nxa8 Rxa8 24. Ne5+ Kc5 25. Nxd7+ Nxd7 26. Kd2 Rf8
27. Rc1+ Kb5 28. Bc4+ Kc6 29. Bg3 Nc5 30. b4 Ne4+ 31. Kd3 Nxg3 32. fxg3 Kd6 33.
Rc2 a5 34. bxa5 bxa5 35. Kxd4 a4 36. Ra2 a3 37. Rxa3 Rf2 38. Ra6+ 1-0

[Event "Monarch Assurance Isle of Man 14th"]
[Site "Port Erin IOM"]
[Date "2005.09.29"]
[Round "6.33"]
[White "Ashton, Adam"]
[Black "Henrichsen, Jens"]
[Result "0-1"]
[WhiteElo "2294"]
[BlackElo "2075"]
[PlyCount "60"]
[EventDate "2005.09.24"]
[EventType "swiss"]
[EventRounds "9"]
[EventCountry "IOM"]

1. e4 c5 2. Nf3 d6 3. d4 cxd4 4. Nxd4 Nf6 5. Nc3 a6 6. Bc4 e6 7. Bb3 Nbd7 8. f4
Nc5 9. e5 dxe5 10. fxe5 Nfd7 11. Bf4 b5 12. Qe2 Bb7 13. O-O-O Be7 14. Qg4 g6
15. Rhf1 Qa5 16. Bg3 Rf8 17. Bxe6 fxe6 18. Nxe6 Rxf1 19. Rxf1 b4 20. Ng7+ Kd8
21. Nb1 Qxa2 22. e6 Nb3+ 23. cxb3 Rc8+ 24. Kd2 Qxb2+ 25. Ke3 Bc5+ 26. Kd3 Qxb3+
27. Ke2 Qe3+ 28. Kd1 Be7 29. Nd2 Bc6 30. Qe2 Ba4+ 0-1

[Event "Monarch Assurance Isle of Man 14th"]
[Site "Port Erin IOM"]
[Date "2005.09.29"]
[Round "6.34"]
[White "Goodger, Martyn"]
[Black "Peric, Slavisa"]
[Result "0-1"]
[WhiteElo "2162"]
[BlackElo "2280"]
[PlyCount "70"]
[EventDate "2005.09.24"]
[EventType "swiss"]
[EventRounds "9"]
[EventCountry "IOM"]

1. e4 e6 2. d4 d5 3. e5 c5 4. c3 Qb6 5. Nf3 Nc6 6. a3 cxd4 7. cxd4 Nge7 8. b4
Nf5 9. Bb2 Bd7 10. g4 Nh6 11. h3 f6 12. Bd3 Nf7 13. Nbd2 Be7 14. Rc1 Rc8 15.
O-O O-O 16. Bb1 fxe5 17. dxe5 Ng5 18. Nxg5 Bxg5 19. Rc5 Be7 20. Rc1 a5 21. Nc4
Qd8 22. Nd6 Bxd6 23. exd6 axb4 24. Qd3 Qh4 25. axb4 Rf7 26. b5 Na7 27. Rxc8+
Nxc8 28. Be5 Nb6 {(=)} 29. Kg2 Nc4 30. Bg3 Qh6 31. Re1 g6 32. b6 {(=)} Qf8 33.
Ba2 Nxd6 34. Qd4 Ne4 35. f4 Qa3 0-1